A modern approach to quantum mechanics / (Record no. 22009)

MARC details
000 -LEADER
fixed length control field 00670cam a2200241 a 4500
001 - ACCESSION NUMBER
control field 17084891
003 - CONTROL NUMBER IDENTIFIER
control field CUTN
005 - DATE AND TIME OF LATEST TRANSACTION
control field 20170620114442.0
008 - FIXED-LENGTH DATA ELEMENTS--GENERAL INFORMATION
fixed length control field 111215s2012 caua 001 0 eng
010 ## - LIBRARY OF CONGRESS CONTROL NUMBER
LC control number 2011049655
020 ## - INTERNATIONAL STANDARD BOOK NUMBER
International Standard Book Number 9788130913148
040 ## - CATALOGING SOURCE
Original cataloging agency DLC
Transcribing agency CUTN
Modifying agency DLC
042 ## - AUTHENTICATION CODE
Authentication code pcc
082 00 - DEWEY DECIMAL CLASSIFICATION NUMBER
Classification number 530.12
Edition number 23
Item number TOW
100 1# - MAIN ENTRY--PERSONAL NAME
Personal name Townsend, John S.
245 12 - TITLE STATEMENT
Title A modern approach to quantum mechanics /
Statement of responsibility, etc John S. Townsend.
250 ## - EDITION STATEMENT
Edition statement 2nd ed.
260 ## - PUBLICATION, DISTRIBUTION, ETC. (IMPRINT)
Place of publication, distribution, etc Sausalito, Calif. :
Name of publisher, distributor, etc University Science Books,
Date of publication, distribution, etc c2012.
300 ## - PHYSICAL DESCRIPTION
Extent xvi, 571 p. :
Other physical details ill. ;
Dimensions 27 cm.
500 ## - GENERAL NOTE
General note Includes index.
650 #0 - SUBJECT ADDED ENTRY--TOPICAL TERM
Topical term or geographic name as entry element Quantum theory
Form subdivision Textbooks.
942 ## - ADDED ENTRY ELEMENTS (KOHA)
Source of classification or shelving scheme Dewey Decimal Classification
Koha item type General Books
Holdings
Date last seen Total Checkouts Total Renewals Full call number Barcode Date checked out Price effective from Koha item type Lost status Source of classification or shelving scheme Damaged status Not for loan Collection code Withdrawn status Home library Current library Shelving location Date acquired
20/02/2025 3 2 530.12 TOW 26463 05/02/2025 20/06/2017 General Books   Dewey Decimal Classification     Non-fiction   CUTN Central Library CUTN Central Library Sciences 20/06/2017
05/08/2017     530.12 TOW 26464   20/06/2017 General Books   Dewey Decimal Classification     Non-fiction   CUTN Central Library CUTN Central Library Sciences 20/06/2017